The Duebec Democracy : (Record no. 7350)

MARC details
000 -LEADER
fixed length control field 00853nam a2200277 a 4500
001 - CONTROL NUMBER
control field 00005536
008 - FIXED-LENGTH DATA ELEMENTS--GENERAL INFORMATION
fixed length control field 110328s1993 nyua g 000 0 eng d
020 ## - INTERNATIONAL STANDARD BOOK NUMBER
ISBN 0075513943
040 ## - CATALOGING SOURCE
Original cataloging agency BD-DhIUB
Transcribing agency BD-DhIUB
082 04 - DEWEY DECIMAL CLASSIFICATION NUMBER
Classification number 320.9714
Edition number 19
100 1# - MAIN ENTRY--PERSONAL NAME
Personal name Lachapelle, Guy
245 00 - TITLE STATEMENT
Title The Duebec Democracy :
Remainder of title structures, processes and policies /
Statement of responsibility, etc Guy Lachapelle, Gerald Bernier
250 ## - EDITION STATEMENT
Edition statement 1st ed.
260 ## - PUBLICATION, DISTRIBUTION, ETC. (IMPRINT)
Place of publication, distribution, etc New York :
Name of publisher, distributor, etc McGraw-Hill Ryerson Limited,
Date of publication, distribution, etc 1993.
300 ## - PHYSICAL DESCRIPTION
Extent x, 484 p. :
Other physical details ill. ;
Dimensions 23 cm.
504 ## - BIBLIOGRAPHY, ETC. NOTE
Bibliography, etc Includes index and bibliographical references
520 0# - SUMMARY, ETC.
Summary, etc Political Sc. and Public Admin
556 ## - INFORMATION ABOUT DOCUMENTATION NOTE
Information about documentation note 1999-10-05
650 17 - SUBJECT ADDED ENTRY--TOPICAL TERM
Topical term or geographic name as entry element Politics
Source of heading or term Spines
650 17 - SUBJECT ADDED ENTRY--TOPICAL TERM
Topical term or geographic name as entry element Government
Source of heading or term Spines
650 17 - SUBJECT ADDED ENTRY--TOPICAL TERM
Topical term or geographic name as entry element Provinces
Source of heading or term Spines
651 #4 - SUBJECT ADDED ENTRY--GEOGRAPHIC NAME
Geographic name Canada
653 00 - INDEX TERM--UNCONTROLLED
Uncontrolled term Quebec
700 1# - ADDED ENTRY--PERSONAL NAME
Personal name Bernier, Gerald
Holdings
Withdrawn status Lost status Source of classification or shelving scheme Damaged status Not for loan Home library Current library Shelving location Date acquired Source of acquisition Total Checkouts Full call number Barcode Date last seen Copy number Price effective from Koha item type
    Dewey Decimal Classification     Library, Independent University, Bangladesh (IUB) Library, Independent University, Bangladesh (IUB) General Stacks 21/04/2011     320.9714 L133q 009308 16/05/2011 1 16/05/2011 Books